Equity, access and allocation: conflict in the Bhavani (Record no. 68946)

000 -LEADER
fixed length control field 00667pab a2200169 454500
008 - FIXED-LENGTH DATA ELEMENTS--GENERAL INFORMATION
fixed length control field 180718b2006 xxu||||| |||| 00| 0 eng d
100 ## - MAIN ENTRY--PERSONAL NAME
Personal name Rajagopal, A.
245 ## - TITLE STATEMENT
Title Equity, access and allocation: conflict in the Bhavani
260 ## - PUBLICATION, DISTRIBUTION, ETC.
Date of publication, distribution, etc. 2006
300 ## - PHYSICAL DESCRIPTION
Extent p.581-82.
362 ## - DATES OF PUBLICATION AND/OR SEQUENTIAL DESIGNATION
Dates of publication and/or sequential designation 16 Feb
520 ## - SUMMARY, ETC.
Summary, etc. An increase in population, unplanned expansion in the command area of the river Bhavani in Tamil Nadu and the growing domestic and industrical demand for water have intensified competition among water users in the river basin. - Reproduced. 6
650 ## - SUBJECT ADDED ENTRY--TOPICAL TERM
Topical term or geographic name entry element Water supply
700 ## - ADDED ENTRY--PERSONAL NAME
Personal name Jayakumar, N.
773 ## - HOST ITEM ENTRY
Main entry heading Economic and Political Weekly
909 ## -
-- 68946
Holdings
Withdrawn status Lost status Damaged status Not for loan Permanent Location Current Location Date acquired Serial Enumeration / chronology Barcode Date last seen Price effective from Koha item type
        Indian Institute of Public Administration Indian Institute of Public Administration 2018-07-19 Volume no: 41, Issue no: 7 AR69402 2018-07-19 2018-07-19 Articles

Powered by Koha